000 00601nam a22002057a 4500
005 20251108164716.0
008 250721s1995 xx 000 0 ara d
082 1 4 _a811.909611/مدح
100 1 _aالجيار، مدحت
245 1 0 _aالصورة الشعرية عند أبي القاسم الشابي /
250 _aط2.
264 1 _aالقاهرة :
_bدار المعارف،
_c1995.
300 _a305ص
650 1 7 _aالشعر العربي
650 1 7 _aالتاريخ الأدبي
650 1 7 _aالنقد الأدبي
650 1 7 _aتونس
942 _2ddc
_cBK
999 _c12388
_d12388